Energetické nápoje predáva imidž

Výrazne rastúci záujem o energetické a športové nápoje. Spotrebitelia pozitívne prijímajú novinky. Systematické budovanie značiek najväčších predajcov sa odráža v náklonnosti zákazníkov k prémiovým produktom.

Salvato in:
Dettagli Bibliografici
Autore principale: Raševová, Kristína
Natura: Capitolo di libro
Lingua:slovacco
Soggetti:
Tags: Aggiungi Tag
Nessun Tag, puoi essere il primo ad aggiungerne!!

MARC

LEADER 00000naa a2200000 4500
001 0258011
005 20200306131512.4
041 0 |a slo 
044 |a CZ 
245 1 0 |a Energetické nápoje predáva imidž  |c Kristína Raševová 
520 |a Výrazne rastúci záujem o energetické a športové nápoje. Spotrebitelia pozitívne prijímajú novinky. Systematické budovanie značiek najväčších predajcov sa odráža v náklonnosti zákazníkov k prémiovým produktom. 
610 2 0 |a nápoje nealkoholické 
610 2 0 |a zdroje energetické 
610 2 0 |a spotrebitelia 
610 2 0 |a výkonnosť 
610 2 0 |a ochrana zdravia 
100 1 |a Raševová, Kristína